Geography Quiz

Random Geography or World Quiz

'P' World Metros Quiz Stats

 Plays Quiz Updated Jul 9, 2018

Score 0/20 Timer 07:00
4 Plays Today
Rank City % Correct
28Paris, France
84.3%
51Philadelphia, USA
79%
242Pittsburgh, USA
65.8%
221Portland, USA
56.4%
357Prague, Czechia
49%
176Pyongyang, North Korea
46.9%
361Panama City, Panama
46.5%
101Phoenix, USA
43.7%
252Perth, Australia
40.7%
176Port-au-Prince, Haiti
34.6%
Rank City % Correct
282Phnom Penh, Cambodia
30.5%
432Porto, Portugal
28.2%
107Porto Alegre, Brazil
19%
67Pune, India
18.8%
275Peshawar, Pakistan
11.9%
165Puebla, Mexico
10.6%
252Port Harcourt, Nigeria
9.9%
204Patna, India
8.5%
383Putian, China
7.4%
308Palembang, Indonesia
7.2%

You're not logged in!

Compare scores with friends on all Sporcle quizzes.
OR
Log In

Sporcle TV

Today on Sporcle TV


Watch our educational content, quiz creation guides, and fun videos on Sporcle TV.

Show Comments

Extras

Top Quizzes Today


Score Distribution

Your Account Isn't Verified!

In order to create a playlist on Sporcle, you need to verify the email address you used during registration. Go to your Sporcle Settings to finish the process.

Report this User

Report this user for behavior that violates our Community Guidelines.

Details: